000
00261nam a22001217a 4500
008
260318b ||||| |||| 00| 0 eng d
041
_a
eng
080
_a
71.1
100
_a
19
101
_a
elektro
245
_a
Elektroteknika
_c
Rexhep Nushi
942
_2
udc
_c
BK
999
_c
60909
_d
60909